Sports Quiz

Random Sports Quiz
Score 0/10 Timer 02:00
0 Plays Today
% Correct
The Undertaker
95%
Steve austin
93.7%
Rey Mysterio
93%
Kane
91.1%
Randy Orton
89.5%
Hbk
88.2%
chris benoit
84.4%
ADR
82.9%
EDGE
71.3%
Rob Van Dam
68.2%
Remove Ads.
Support Sporcle.
Get the best of Sporcle when you Go Orange. This ad-free experience offers more features, more stats, and more fun while also helping to support Sporcle. Thank you for becoming a member.

You're not logged in!

Compare scores with friends on all Sporcle quizzes.
OR
Log In

Show Comments

Extras

Created Dec 15, 2014ReportNominate

Top Quizzes Today


Score Distribution

Your Account Isn't Verified!

In order to create a playlist on Sporcle, you need to verify the email address you used during registration. Go to your Sporcle Settings to finish the process.

Report this User

Report this user for behavior that violates our Community Guidelines.

Details: